MARC

LEADER 00000nam0a2200000 4500
001 228165
005 20231101230844.0
035 |a (RuTPU)RU\TPU\book\248617 
090 |a 228165 
100 |a 20121215d1989 k y0rusy50 ca 
101 0 |a rus 
102 |a RU 
105 |a a z 001zy 
200 1 |a Измерительные преобразователи давления, теоретические и экспериментальные исследования и разработка  |e сборник научных трудов  |f Государственный научно-исследовательский институт теплоэнергетического приборостроения 
210 |a Москва  |c НИИтеплоприбор  |d 1989 
215 |a 126 с.  |c ил. 
320 |a Библиография в конце статей 
606 1 |a Преобразователи измерительные  |2 stltpush  |3 (RuTPU)RU\TPU\subj\51186  |9 69789 
610 1 |a метрологические характеристики 
610 1 |a точность 
610 1 |a надежность 
610 1 |a стабильность 
610 1 |a давление 
610 1 |a датчики 
610 1 |a измерительные генераторы 
610 1 |a тензорезисторы 
610 1 |a исследование 
675 |a 681.586  |v 3 
712 0 2 |a Государственный научно-исследовательский институт теплоэнергетического приборостроения  |2 stltpush  |3 (RuTPU)RU\TPU\col\14005  |9 25851 
801 1 |a RU  |b 63413507  |c 20121215 
801 2 |a RU  |b 63413507  |c 20121218  |g RCR 
942 |c BK